| 000 | 00652nam a2200217 a 4500 | ||
|---|---|---|---|
| 999 |
_c3161 _d3161 |
||
| 001 | 3161 | ||
| 003 | BD-JhCC | ||
| 005 | 20171111171348.0 | ||
| 008 | 171111s1977 bg ||||| |||| 00| 0 ben d | ||
| 035 | _a(BD-JhCC)3161 | ||
| 040 |
_aBD-JhCC _dBD-JhCC |
||
| 041 | _aben | ||
| 082 |
_a891.4409 _bRAS 1977 |
||
| 100 | _aরশীদ, আ ন ম বজলুর | ||
| 245 |
_aআমাদের সুফী সাধক / _cআ ন ম বজলুর রশীদ |
||
| 260 |
_aঢাকা : _bইসলামিক ফাউন্ডেশন, _c1977. |
||
| 300 |
_a208 p. : _c21 cm. |
||
| 650 | _aMuslim Sufi | ||
| 942 |
_2ddc _cBK |
||